|
|
|
|
| LEADER |
00000nam0a2200000 4500 |
| 001 |
192882 |
| 005 |
20231101224440.0 |
| 035 |
|
|
|a (RuTPU)RU\TPU\book\210312
|
| 090 |
|
|
|a 192882
|
| 100 |
|
|
|a 20110310d1987 km y0rusy50 ca
|
| 101 |
0 |
|
|a rus
|
| 102 |
|
|
|a RU
|
| 105 |
|
|
|a a z 001zy
|
| 200 |
1 |
|
|a Дифференциальная геометрия и топология кривых
|f Ю. А. Аминов
|
| 210 |
|
|
|a Москва
|c Наука
|d 1987
|
| 215 |
|
|
|a 158 с.
|c ил.
|
| 320 |
|
|
|a Библиогр.: с. 156-158.
|
| 320 |
|
|
|a Предметный указатель: с.159.
|
| 606 |
|
|
|a Дифференциальная геометрия
|2 stltpush
|3 (RuTPU)RU\TPU\subj\67367
|9 83193
|
| 606 |
|
|
|a Топология
|2 stltpush
|3 (RuTPU)RU\TPU\subj\60999
|9 78215
|
| 610 |
1 |
|
|a кривые
|
| 610 |
1 |
|
|a евклидовы пространства
|
| 610 |
1 |
|
|a замкнутые кривые
|
| 610 |
1 |
|
|a топологические свойства
|
| 675 |
|
|
|a 514.7
|v 3
|
| 675 |
|
|
|a 515.1
|v 3
|
| 700 |
|
1 |
|a Аминов
|b Ю. А.
|g Юрий Ахметович
|
| 801 |
|
1 |
|a RU
|b 63413507
|c 20110310
|
| 801 |
|
2 |
|a RU
|b 63413507
|c 20170915
|g RCR
|
| 942 |
|
|
|c BK
|